[Event "European Blitz 2022"]
[Site "Katowice POL"]
[Date "2022.12.16"]
[Round "5.46"]
[White "Subelj, Jan"]
[Black "Lucchi, Lorenzo"]
[Result "1-0"]
[WhiteTitle "IM"]
[WhiteElo "2492"]
[BlackElo "2084"]
[WhiteFideId "14618583"]
[BlackFideId "821160"]
[EventDate "2022.12.16"]

1. e4 e5 2. Nf3 Nf6 3. Nxe5 d6 4. Nd3 Nxe4 5. Qe2 Qe7 6. Nf4 Nf6 7. d4 Qxe2+ 8.
Bxe2 d5 9. f3 Nc6 10. c3 Bd6 11. Bd3 O-O 12. g4 h6 13. h4 g5 14. hxg5 hxg5 15.
Ne2 Re8 16. Bxg5 Nd7 17. Nd2 Nf8 18. Bf6 Ng6 19. Kf2 Re6 20. Bg5 Kg7 21. Rh5 f6
22. Bh6+ Kf7 23. Bxg6+ Kxg6 24. Nf4+ Bxf4 25. Bxf4 Bd7 26. Rah1 Rae8 27. Rh6+
Kg7 28. Rh7+ Kg8 29. Rxd7 Re2+ 30. Kg3 1-0

[Event "European Blitz 2022"]
[Site "Katowice POL"]
[Date "2022.12.16"]
[Round "5.47"]
[White "Trybus, Daniel"]
[Black "Gretarsson, Helgi Ass"]
[Result "1-0"]
[BlackTitle "GM"]
[WhiteElo "2258"]
[BlackElo "2451"]
[WhiteFideId "21816131"]
[BlackFideId "2300699"]
[EventDate "2022.12.16"]

1. e4 g6 2. d4 Bg7 3. Nc3 d6 4. Be3 a6 5. Qd2 b5 6. a3 Nd7 7. h4 h6 8. Nh3 Bb7
9. f3 Rc8 10. h5 g5 11. f4 gxf4 12. Nxf4 e5 13. Nfe2 Ngf6 14. Ng3 Ng4 15. Nf5
Bf6 16. dxe5 Nxe3 17. Qxe3 Nxe5 18. Be2 Bg5 19. Qf2 Qd7 20. O-O Kf8 21. Rad1 Qc6
22. Bf3 Qc5 23. Qxc5 dxc5 24. Nd5 Nc4 25. b3 Nxa3 26. Rf2 b4 27. Bg4 Rd8 28.
Rdf1 Rh7 29. Ng3 Bxd5 30. exd5 Be3 31. Bf3 Nb5 32. Be4 Rg7 33. Nf5 Bxf2+ 34.
Rxf2 Rg5 35. Nxh6 Rd7 36. Bg6 Nd6 1-0

[Event "European Blitz 2022"]
[Site "Katowice POL"]
[Date "2022.12.16"]
[Round "5.48"]
[White "Skuhala, Barbara"]
[Black "Kuzmicz, Krystian"]
[Result "0-1"]
[WhiteTitle "WFM"]
[BlackTitle "IM"]
[WhiteElo "2103"]
[BlackElo "2466"]
[WhiteFideId "14605465"]
[BlackFideId "1119125"]
[EventDate "2022.12.16"]

1. e4 c5 2. Nf3 e6 3. g3 Nc6 4. Bg2 Nf6 5. d3 e5 6. O-O Be7 7. Re1 O-O 8. c3 d6
9. d4 cxd4 10. cxd4 Bg4 11. d5 Nd4 12. Be3 Nd7 13. Bxd4 exd4 14. Nbd2 Bf6 15. h3
Bxf3 16. Nxf3 Qb6 17. Qb3 Rfc8 18. Qxb6 axb6 19. a3 Rc2 20. Rab1 Nc5 21. e5 dxe5
22. Nxe5 d3 23. Red1 Bxe5 0-1

[Event "European Blitz 2022"]
[Site "Katowice POL"]
[Date "2022.12.16"]
[Round "5.49"]
[White "Redzisz, Michal"]
[Black "Paehtz, Thomas"]
[Result "0-1"]
[WhiteTitle "FM"]
[BlackTitle "GM"]
[WhiteElo "2260"]
[BlackElo "2339"]
[WhiteFideId "21816107"]
[BlackFideId "4611349"]
[EventDate "2022.12.16"]

1. d4 Nf6 2. c4 a6 3. Nc3 c5 4. d5 b5 5. a3 d6 6. Nf3 g6 7. e3 bxc4 8. Bxc4 Nbd7
9. O-O Bg7 10. e4 O-O 11. h3 Nb6 12. Be2 e6 13. dxe6 Bxe6 14. Be3 Nc4 15. Bxc4
Bxc4 16. Re1 Rb8 17. e5 dxe5 18. Bxc5 Qxd1 19. Raxd1 Rfc8 20. Bd6 Rxb2 21. Bxe5
Be6 22. Ne2 Ra2 23. Nf4 Bf5 24. g4 Be4 25. Ng5 Bc2 26. Rc1 Rxa3 27. Re2 Bf5 28.
Rxc8+ Bxc8 29. Bb2 Rb3 30. Nxh7 Kxh7 0-1

[Event "European Blitz 2022"]
[Site "Katowice POL"]
[Date "2022.12.16"]
[Round "5.50"]
[White "Kyc, Jerzy"]
[Black "Piotrowski, Przemyslaw"]
[Result "1/2-1/2"]
[BlackTitle "FM"]
[WhiteElo "2230"]
[BlackElo "2247"]
[WhiteFideId "1163922"]
[BlackFideId "1127063"]
[EventDate "2022.12.16"]

1. e4 c5 2. Nf3 Nc6 3. d4 cxd4 4. Nxd4 Nf6 5. Nc3 d6 6. Bg5 e6 7. Qd2 a6 8.
O-O-O Bd7 9. f4 b5 10. Nxc6 Bxc6 11. Qe1 h6 12. Bh4 Be7 13. e5 Nd5 14. Bxe7 Qxe7
15. Kb1 dxe5 16. fxe5 Nxc3+ 17. Qxc3 Rc8 18. Qe3 Bd5 19. Bd3 Qg5 20. Qe1 O-O 21.
h4 Qg4 22. Rh3 Kh8 23. Rg3 Qxh4 24. Rxg7 Qxe1 25. Rh7+ Kg8 26. Rxe1 f5 27. Rxh6
Kg7 28. Reh1 Rh8 29. Rxh8 Rxh8 30. Rxh8 Kxh8 31. g3 Kg7 32. Kc1 Kh6 33. Kd2 Kg5
34. Ke3 Kg4 35. Kf2 f4 36. gxf4 Kxf4 37. a4 Bc6 38. axb5 axb5 39. b4 Kxe5 40.
Ke3 1/2-1/2

[Event "European Blitz 2022"]
[Site "Katowice POL"]
[Date "2022.12.16"]
[Round "5.51"]
[White "Kos, Pawel"]
[Black "Thorfinnsson, Bjorn"]
[Result "0-1"]
[BlackTitle "IM"]
[WhiteElo "2234"]
[BlackElo "2374"]
[WhiteFideId "1120085"]
[BlackFideId "2300982"]
[EventDate "2022.12.16"]

1. Nf3 d5 2. g3 c6 3. Bg2 Bf5 4. d3 Nf6 5. O-O h6 6. c3 e6 7. a3 Nbd7 8. b4 Bd6
9. Nfd2 O-O 10. Bb2 Re8 11. e4 Bh7 12. Re1 Ne5 13. Nb3 dxe4 14. dxe4 Nc4 15. Bc1
Bc7 16. Qe2 b5 17. N1d2 Ne5 18. c4 Qd3 19. Na5 Bxa5 20. bxa5 bxc4 21. Bb2 c3 22.
Qxd3 Nxd3 23. Bxc3 Nxe1 24. Rxe1 Red8 25. Rc1 Rd3 26. Bf1 Rd7 27. f3 Rad8 28.
Nb3 Rd1 29. Rc2 Nxe4 30. fxe4 Bxe4 31. Rd2 R8xd2 32. Nxd2 Bd3 33. Kf2 Bxf1 34.
Nxf1 Rc1 35. Bd2 Rc2 36. Ke3 Kf8 37. Kd3 Ra2 38. Kc4 Ke7 39. Kb3 Ra1 40. Ne3 Rh1
41. a6 c5 42. h4 f6 43. Kc4 Kd6 44. Nc2 Rg1 45. Ne1 Kc6 46. Nd3 Rxg3 47. Kc3 Kb5
48. Be1 Rh3 49. Kc2 Kxa6 50. Bf2 c4 51. Nb4+ Kb5 52. Kb1 Rxa3 53. Nc2 Rh3 54.
Bd4 e5 55. Bxa7 Rxh4 0-1

[Event "European Blitz 2022"]
[Site "Katowice POL"]
[Date "2022.12.16"]
[Round "5.52"]
[White "Cherniaiev, Tykhon"]
[Black "Maisuradze, Nino"]
[Result "1-0"]
[WhiteTitle "FM"]
[BlackTitle "WGM"]
[WhiteElo "2330"]
[BlackElo "2230"]
[WhiteFideId "14182360"]
[BlackFideId "13601717"]
[EventDate "2022.12.16"]

1. Nf3 d5 2. d4 c5 3. c4 cxd4 4. cxd5 Nf6 5. Qxd4 Qxd5 6. Nc3 Qxd4 7. Nxd4 a6 8.
Bf4 Nbd7 9. Nf3 e6 10. e3 Bb4 11. Bc4 Ne4 12. Rc1 Nxc3 13. bxc3 Ba3 14. Rd1 O-O
15. O-O b5 16. Bb3 Nc5 17. Bd6 Re8 18. Ne5 Bb7 19. Nd7 Nxd7 20. Bxa3 Nb6 21. Bc5
Nc4 22. Rd7 Bd5 23. Rd1 Rad8 24. Rxd8 Rxd8 25. e4 Rc8 26. exd5 Rxc5 27. dxe6
fxe6 28. g3 Kf7 29. Rd7+ Kf6 30. Ra7 Rc6 31. a4 bxa4 32. Bxa4 Rd6 33. Bb3 Nd2
34. Bc2 Rc6 35. Bxh7 g6 36. Bg8 Ne4 37. c4 Nd6 38. c5 Ne4 39. f4 e5 40. Rf7+ Ke6
41. Rc7+ Kf5 42. Rxc6 1-0

[Event "European Blitz 2022"]
[Site "Katowice POL"]
[Date "2022.12.16"]
[Round "5.53"]
[White "Kjartansson, Gudmundur"]
[Black "Olde, Margareth"]
[Result "1-0"]
[WhiteTitle "GM"]
[BlackTitle "WIM"]
[WhiteElo "2453"]
[BlackElo "2244"]
[WhiteFideId "2301318"]
[BlackFideId "4503082"]
[EventDate "2022.12.16"]

1. c4 e5 2. g3 Nf6 3. Bg2 c6 4. d4 e4 5. a3 d5 6. Nc3 Be7 7. Bg5 h6 8. Bxf6 Bxf6
9. e3 O-O 10. Qb3 dxc4 11. Qxc4 Be6 12. Qa4 Bd5 13. Nxe4 Be7 14. Kf1 c5 15. Ne2
Nc6 16. dxc5 Bxe4 17. Bxe4 Bxc5 18. Rc1 Qe7 19. Bxc6 bxc6 20. Qxc6 Rac8 21. Qf3
Qe5 22. Rc3 Bb6 23. Kg2 Rfd8 24. Rxc8 Rxc8 25. Nc3 Ba5 26. Qb7 Rd8 27. Rd1 Rxd1
28. Nxd1 Qd6 29. Qb3 Qc6+ 30. f3 Bb6 31. Qd3 Qc1 32. Qe2 g6 33. h4 h5 34. e4 Qc5
35. Nf2 Qd4 36. Nh3 Qc5 37. Qd3 Qc1 38. Qe2 Qc5 39. e5 Qd5 40. Nf4 Qc5 41. Nh3
Qd5 42. Kh2 Qb3 43. Nf4 Kg7 44. e6 fxe6 45. Nxe6+ Kg8 46. Nf4 Qa4 47. Qe6+ Kg7
48. Qxg6+ 1-0

[Event "European Blitz 2022"]
[Site "Katowice POL"]
[Date "2022.12.16"]
[Round "5.54"]
[White "Tisaj, Domen"]
[Black "Olenik Campa, Rudi"]
[Result "1/2-1/2"]
[WhiteTitle "FM"]
[BlackTitle "CM"]
[WhiteElo "2396"]
[BlackElo "2358"]
[WhiteFideId "14628708"]
[BlackFideId "14633264"]
[EventDate "2022.12.16"]

1. d4 Nf6 2. c4 g6 3. g3 Bg7 4. Bg2 O-O 5. Nc3 d6 6. Nf3 Nc6 7. O-O e5 8. dxe5
dxe5 9. Qa4 Bd7 10. Rd1 Qc8 11. Qa3 Re8 12. Bg5 a6 13. Rac1 h6 14. Bxf6 Bxf6 15.
Nd2 Be7 16. c5 Nd4 17. e3 Ne6 18. Nd5 Bd8 19. Ne4 Kg7 20. Qc3 f6 21. f4 Bc6 22.
fxe5 f5 23. Nef6 Rf8 24. Nf4 Bxf6 25. exf6+ Rxf6 26. Bxc6 bxc6 27. Qe5 Ng5 28.
Kg2 Qe8 29. Qxc7+ Rf7 30. Qd6 Qe4+ 31. Kf2 Nf3 32. Qe6 Ne5 33. Rf1 Qf3+ 34. Kg1
Qxe3+ 35. Kg2 Qe4+ 36. Kg1 Qe3+ 37. Kg2 Qe4+ 38. Kg1 Qe3+ 1/2-1/2

[Event "European Blitz 2022"]
[Site "Katowice POL"]
[Date "2022.12.16"]
[Round "5.55"]
[White "Tuomainen, Felix"]
[Black "Langheinrich, Ferenc"]
[Result "1-0"]
[WhiteTitle "FM"]
[BlackTitle "IM"]
[WhiteElo "2232"]
[BlackElo "2381"]
[WhiteFideId "1720813"]
[BlackFideId "4641973"]
[EventDate "2022.12.16"]

1. d4 Nf6 2. c4 g6 3. Nc3 Bg7 4. e4 d6 5. h3 O-O 6. Be3 e5 7. d5 a5 8. g4 Na6 9.
Nge2 Nd7 10. Ng3 Ndc5 11. Be2 c6 12. h4 cxd5 13. cxd5 Bd7 14. h5 a4 15. Qd2 Rb8
16. Bh6 Bxh6 17. Qxh6 Qf6 18. hxg6 Qxg6 19. Qe3 Nb4 20. Rc1 f6 21. Nf5 Bxf5 22.
gxf5 Qf7 23. Bh5 Nbd3+ 24. Kd2 Qe7 25. Rcg1+ Kh8 26. Bg6 Rf7 27. Bxf7 Qxf7 28.
Qf3 b5 29. Rxh7+ Qxh7 30. Rh1 Rb7 31. Rxh7+ Rxh7 32. Nxb5 Rb7 33. Qh5+ Kg8 34.
Qg6+ Rg7 35. Qe8+ Kh7 36. Nxd6 Nxf2 37. Nf7 Nfxe4+ 38. Ke2 Rg2+ 39. Kf1 Rf2+ 40.
Kg1 Kg7 41. Nd6 Rf4 42. Qg6+ Kf8 43. Qf7# 1-0

[Event "European Blitz 2022"]
[Site "Katowice POL"]
[Date "2022.12.16"]
[Round "5.56"]
[White "Psyk, Radoslaw"]
[Black "Jaskolka, Tomasz"]
[Result "1-0"]
[BlackTitle "CM"]
[WhiteElo "2438"]
[BlackElo "2188"]
[WhiteFideId "1182838"]
[BlackFideId "1170791"]
[EventDate "2022.12.16"]

1. e4 c5 2. Be2 e6 3. d3 Nc6 4. f4 d5 5. Nf3 g6 6. O-O Bg7 7. c3 Nge7 8. e5 b6
9. d4 h5 10. Na3 Nf5 11. Nc2 a5 12. Bb5 Bd7 13. a4 Qc7 14. Ne3 Nce7 15. Bd3 Nxe3
16. Bxe3 c4 17. Bc2 b5 18. axb5 Bxb5 19. Bf2 Qb6 20. Bh4 Nf5 21. Bxf5 exf5 22.
Re1 Bd7 23. Qe2 Be6 24. Bg5 Kd7 25. Bf6 Rhg8 26. Ng5 Bh6 27. Ra2 Rgb8 28. Rea1
Bxg5 29. Bxg5 Qb5 30. Qf2 a4 31. h3 Qb3 32. Kh2 a3 33. Rxa3 Rxa3 34. Rxa3 Qxb2
35. Ra7+ Kc6 36. Qe1 Rb7 37. Ra6+ Rb6 38. Ra7 Rb7 39. Ra6+ Rb6 40. Ra5 Qb1 41.
Qg3 Rb2 42. Ra6+ Kb7 43. Ra4 Qc2 44. Ra3 Rb3 45. Ra5 Rxc3 46. Qe1 Qd3 47. Qa1
Qg3+ 48. Kh1 Bd7 49. Ra7+ Kc8 50. Qa6+ Kb8 51. Qb7# 1-0

[Event "European Blitz 2022"]
[Site "Katowice POL"]
[Date "2022.12.16"]
[Round "5.57"]
[White "Kowalski, Igor"]
[Black "Pavlidou, Ekaterini"]
[Result "1-0"]
[WhiteTitle "IM"]
[BlackTitle "WIM"]
[WhiteElo "2344"]
[BlackElo "2178"]
[WhiteFideId "1172468"]
[BlackFideId "4213262"]
[EventDate "2022.12.16"]

1. d4 Nf6 2. Nf3 e6 3. Bg5 h6 4. Bh4 d5 5. e3 Be7 6. c3 O-O 7. Bd3 b6 8. Nbd2
Bb7 9. Rg1 Nbd7 10. g4 Ne4 11. g5 g6 12. Qc2 hxg5 13. Bxe4 dxe4 14. Nxg5 Nf6 15.
Ngxe4 Nxe4 16. Bxe7 Qxe7 17. Nxe4 Qh4 18. Ng5 e5 19. O-O-O e4 20. d5 Rae8 21. c4
Re5 22. f4 Re7 23. Nxe4 Bc8 24. d6 cxd6 25. Nxd6 Bg4 26. Rd4 Rxe3 27. f5 Qg5 28.
Qd2 gxf5 29. Nxf5 1-0

[Event "European Blitz 2022"]
[Site "Katowice POL"]
[Date "2022.12.16"]
[Round "5.59"]
[White "Ondozi, Murtez"]
[Black "Minald, Andrey"]
[Result "1-0"]
[WhiteTitle "FM"]
[WhiteElo "2406"]
[BlackElo "2091"]
[WhiteFideId "937576"]
[BlackFideId "13506854"]
[EventDate "2022.12.16"]

1. d4 e6 2. e4 c5 3. Nf3 cxd4 4. Nxd4 Nc6 5. Nc3 Bb4 6. Nxc6 bxc6 7. Qd4 Bxc3+
8. Qxc3 Nf6 9. f3 h6 10. Bf4 O-O 11. Bd6 Re8 12. O-O-O a5 13. Bc4 Ba6 14. Rd2
Bxc4 15. Qxc4 Qb6 16. a4 Rec8 17. Rhd1 Qb7 18. b3 Ne8 19. e5 Nxd6 20. Rxd6 Rd8
21. Qc5 Qa6 22. Kb2 Rab8 23. R1d2 Qf1 24. R6d3 Qh1 25. g3 Qe1 26. f4 Qe4 27. Rd4
Qe3 28. Qxa5 Ra8 29. Qc3 Qe1 30. Rxd7 Rxd7 31. Rxd7 Qe2 32. Qd3 Qxh2 33. Rd8+
Rxd8 34. Qxd8+ Kh7 35. Qd3+ g6 36. a5 Qf2 37. a6 Qc5 38. c3 Qf2+ 39. Ka3 Qc5+
40. b4 Qb6 41. Kb3 Qg1 42. Qe2 Kg7 43. Qa2 Qa7 44. Qa5 g5 45. Qa1 gxf4 46. gxf4
Kh7 47. Qf1 h5 48. Qf3 Kh6 49. Qxc6 h4 50. Qb7 Qg1 51. a7 Qb1+ 52. Kc4 Qa2+ 53.
Kc5 Qf2+ 54. Kd6 h3 55. a8=Q h2 56. Qg2 Qxf4 57. Qh8# 1-0

[Event "European Blitz 2022"]
[Site "Katowice POL"]
[Date "2022.12.16"]
[Round "5.60"]
[White "Mitusov, Semen"]
[Black "Zvirblis, Andrius"]
[Result "1-0"]
[WhiteTitle "IM"]
[WhiteElo "2397"]
[BlackElo "1927"]
[WhiteFideId "14151049"]
[BlackFideId "12821551"]
[EventDate "2022.12.16"]

1. e4 c5 2. Nf3 e6 3. c3 d5 4. exd5 Qxd5 5. d4 Nf6 6. Na3 a6 7. Nc4 Qd8 8. Bd3
Nc6 9. O-O cxd4 10. cxd4 Be7 11. Nce5 O-O 12. Nxc6 bxc6 13. Be3 Nd5 14. Rc1 Bb7
15. Ne5 c5 16. dxc5 Nxe3 17. fxe3 Qd5 18. c6 Qxe5 19. cxb7 Qxe3+ 20. Kh1 Rad8
21. Rc3 Qe5 22. Rb3 Bd6 23. g3 Qd5+ 24. Qf3 Qg5 25. Bxa6 Bb8 26. Rd3 Rxd3 27.
Bxd3 g6 28. a4 Qe5 29. b4 Qd4 30. a5 Qxb4 31. a6 Qb6 32. Ra1 Ba7 33. Rb1 Qd4 34.
Be2 Rd8 35. Kg2 Qe5 36. Rf1 f5 37. Rd1 1-0

[Event "European Blitz 2022"]
[Site "Katowice POL"]
[Date "2022.12.16"]
[Round "5.61"]
[White "Zhuk, Ivan"]
[Black "Dobrovoljc, Vid"]
[Result "0-1"]
[BlackTitle "FM"]
[WhiteElo "2035"]
[BlackElo "2384"]
[WhiteFideId "13508342"]
[BlackFideId "14609843"]
[EventDate "2022.12.16"]

1. e4 e6 2. d4 d5 3. Nc3 Bb4 4. e5 Ne7 5. Qg4 c5 6. a3 Qa5 7. Bd2 cxd4 8. Qxd4
Nbc6 9. Bb5 Bxc3 10. Bxc6+ Nxc6 11. Qxc3 Qxc3 12. Bxc3 d4 13. Bb4 Nxe5 14. Ne2
Nc6 15. O-O-O e5 16. Rhe1 Be6 17. f4 O-O-O 18. fxe5 Bg4 19. h3 Bxe2 20. Rxe2
Rhe8 21. Rde1 Rd5 22. e6 fxe6 23. Rxe6 Rxe6 24. Rxe6 Kd7 25. Re4 h5 26. Rf4 Ke6
27. Rf8 Rg5 28. Rf2 Kd5 29. Bd2 Rg6 30. Rf5+ Ke6 31. Rf2 Ne5 32. Re2 Kd5 33. Bf4
Nc4 34. b3 Nb6 35. g3 Re6 36. Rd2 Kc5 37. Kb2 Nd5 38. b4+ Kc4 39. Bb8 a6 40. Ba7
b6 41. Bb8 Re1 42. Ba7 Nc3 43. a4 Nxa4+ 44. Ka3 Ra1# 0-1

[Event "European Blitz 2022"]
[Site "Katowice POL"]
[Date "2022.12.16"]
[Round "5.62"]
[White "Hesse, Henrik"]
[Black "Oleksiyenko, Mykhaylo"]
[Result "0-1"]
[BlackTitle "GM"]
[WhiteElo "2160"]
[BlackElo "2594"]
[WhiteFideId "12952060"]
[BlackFideId "4152417"]
[EventDate "2022.12.16"]

1. c4 e6 2. g3 d5 3. Bg2 Nf6 4. Nf3 Be7 5. O-O O-O 6. b3 c6 7. Bb2 Nbd7 8. Nc3
b6 9. Rc1 Bb7 10. cxd5 cxd5 11. d3 Rc8 12. Nb5 a6 13. Rxc8 Qxc8 14. Ba3 Bxa3 15.
Nxa3 Qc5 16. Nc2 Rc8 17. Ne3 Qa3 18. Qd2 h6 19. Rb1 a5 20. Nd4 Ba6 21. h3 Ne5
22. Qb2 Qxb2 23. Rxb2 Rc1+ 24. Kh2 Kf8 25. Rc2 Rxc2 26. Nexc2 Ke7 27. f4 Ned7
28. Kg1 Kd6 29. Kf2 g6 30. a3 Ne8 31. Ke1 Nc7 32. Kd2 e5 33. fxe5+ Nxe5 34. Nf3
f6 35. Ncd4 Bc8 36. g4 Nxf3+ 0-1

[Event "European Blitz 2022"]
[Site "Katowice POL"]
[Date "2022.12.16"]
[Round "5.63"]
[White "Trushko, Andrii"]
[Black "Kosakowski, Jakub"]
[Result "0-1"]
[BlackTitle "IM"]
[WhiteElo "2006"]
[BlackElo "2475"]
[WhiteFideId "14172887"]
[BlackFideId "1185080"]
[EventDate "2022.12.16"]

1. d4 Nf6 2. Bg5 d5 3. Bxf6 exf6 4. e3 Bd6 5. c4 dxc4 6. Bxc4 O-O 7. Nc3 f5 8.
Nf3 c6 9. Qc2 Nd7 10. h4 Nf6 11. h5 h6 12. Bd3 Qa5 13. Nd2 b5 14. Nb3 Qb6 15.
Bxf5 a5 16. Bxc8 Raxc8 17. Ne4 Nxe4 18. Qxe4 Bb4+ 19. Kf1 a4 20. Nc1 Rfe8 21.
Qf5 a3 22. bxa3 Qxd4 23. Nb3 Qc4+ 24. Kg1 Bxa3 25. Rh3 Rcd8 26. Nd4 Bb2 27. Rf1
Bxd4 28. exd4 Rxd4 29. a3 Qxf1+ 0-1

[Event "European Blitz 2022"]
[Site "Katowice POL"]
[Date "2022.12.16"]
[Round "5.64"]
[White "Chyzy, Jakub"]
[Black "Hjartarson, Johann"]
[Result "1-0"]
[WhiteTitle "FM"]
[BlackTitle "GM"]
[WhiteElo "2247"]
[BlackElo "2476"]
[WhiteFideId "21806209"]
[BlackFideId "2300044"]
[EventDate "2022.12.16"]

1. e4 c5 2. Nc3 Nc6 3. Bb5 e6 4. Bxc6 bxc6 5. f4 d5 6. d3 Nf6 7. Nf3 Be7 8. O-O
O-O 9. Qe2 Qc7 10. Nd1 a5 11. c4 a4 12. Nc3 Bb7 13. Qc2 Rfd8 14. e5 Nd7 15. Nxa4
Nb6 16. Nxb6 Qxb6 17. b3 f5 18. exf6 Bxf6 19. Bb2 d4 20. a4 Bc8 21. Ba3 Bd7 22.
Ne5 Be8 23. Rab1 Bxe5 24. fxe5 Bg6 25. b4 cxb4 26. Bxb4 Qa7 27. a5 Rab8 28. Bd2
Qc5 29. Rxb8 Rxb8 30. Rb1 Rf8 31. Bb4 Qxe5 32. Bxf8 Kxf8 33. a6 Qa5 34. Qf2+ Ke7
35. Rb7+ Ke8 36. a7 1-0

[Event "European Blitz 2022"]
[Site "Katowice POL"]
[Date "2022.12.16"]
[Round "5.65"]
[White "Tregubov, Pavel V."]
[Black "Suder, Jakub"]
[Result "1-0"]
[WhiteTitle "GM"]
[BlackTitle "FM"]
[WhiteElo "2553"]
[BlackElo "2244"]
[WhiteFideId "4115341"]
[BlackFideId "1195310"]
[EventDate "2022.12.16"]

1. e4 c5 2. Nf3 e6 3. c3 Nf6 4. e5 Nd5 5. d4 cxd4 6. cxd4 d6 7. Bc4 Nb6 8. Bd3
Bd7 9. O-O Bc6 10. Nc3 N8d7 11. Bf4 dxe5 12. dxe5 Nd5 13. Bg5 Nxc3 14. bxc3 Bxf3
15. Qxf3 Qxg5 16. Qxb7 Rb8 17. Qc6 Rb6 18. Qa8+ Qd8 19. Qxa7 Bc5 20. Rad1 Rb2
21. Qa4 Qb6 22. Be4 O-O 23. Qxd7 Rxa2 24. Qb7 Bxf2+ 25. Kh1 Qe3 26. Bb1 Rd2 27.
Qe4 Rxd1 28. Qxh7# 1-0

[Event "European Blitz 2022"]
[Site "Katowice POL"]
[Date "2022.12.16"]
[Round "5.66"]
[White "Budrewicz, Krzysztof"]
[Black "Peyrer, Konstantin"]
[Result "1-0"]
[BlackTitle "FM"]
[WhiteElo "2184"]
[BlackElo "2380"]
[WhiteFideId "1127950"]
[BlackFideId "1640879"]
[EventDate "2022.12.16"]

1. d4 Nf6 2. c4 e6 3. Nf3 b6 4. g3 Bb7 5. Bg2 Bb4+ 6. Bd2 a5 7. O-O O-O 8. Nc3
d6 9. Qc2 Bxc3 10. Bxc3 Be4 11. Qd2 Nbd7 12. Rad1 Qe7 13. Qf4 Rfe8 14. Rfe1 h6
15. b3 a4 16. b4 a3 17. Qc1 Qd8 18. Bf1 Bb7 19. Nd2 Ne4 20. Nxe4 Bxe4 21. f3 Bg6
22. Bg2 e5 23. f4 e4 24. e3 d5 25. Rf1 Bf5 26. h3 h5 27. Be1 Nf6 28. c5 Qd7 29.
c6 Qe6 30. Kh2 Ra4 31. Qc3 Qc8 32. Rb1 Qa6 33. Rf2 Qd3 34. Rb3 Kh7 35. Bf1 Qxc3
36. Bxc3 Bc8 37. Rc2 Ba6 38. b5 Bc8 39. Be2 Be6 40. Bb4 Kh6 41. Rcc3 g5 42.
fxg5+ Kxg5 43. Rc2 h4 44. g4 Ng8 45. Be1 Ne7 46. Rcc3 Rea8 47. Bd2 Nc8 48. Bc1
R8a5 49. Rxa3 Rb4 50. Rxa5 bxa5 51. Rb3 Ra4 52. a3 Nb6 53. Kg2 f5 54. gxf5 Bxf5
55. Bf1 Nc4 56. Kf2 Bc8 57. Kg2 Nd6 58. b6 cxb6 59. Rxb6 Nc4 60. Rb8 Be6 61. c7
Nxa3 62. c8=Q Bxc8 63. Rxc8 Nc4 64. Bxc4 dxc4 65. d5 Kf5 66. Kf1 Rb4 67. Ke2 Ke5
68. Rc5 a4 69. Kd2 Kd6 70. Ra5 Rb3 71. Kc2 Rd3 72. Rxa4 Kxd5 73. Ra5+ Kd6 74.
Rh5 Rb3 75. Rxh4 Kd5 76. Rh5+ Ke6 77. Rc5 Rb8 78. Rxc4 Kd5 79. Rd4+ Ke5 80. Bb2
Rc8+ 81. Rc4+ 1-0

[Event "European Blitz 2022"]
[Site "Katowice POL"]
[Date "2022.12.16"]
[Round "5.67"]
[White "Horvath, Dominik"]
[Black "Bochnicka, Vladimir ml."]
[Result "1-0"]
[WhiteTitle "IM"]
[BlackTitle "FM"]
[WhiteElo "2502"]
[BlackElo "2367"]
[WhiteFideId "1642561"]
[BlackFideId "14943450"]
[EventDate "2022.12.16"]

1. e4 c5 2. c3 Nf6 3. e5 Nd5 4. Bc4 Nb6 5. Bb3 e6 6. Nf3 Nc6 7. O-O d6 8. d4
cxd4 9. cxd4 dxe5 10. dxe5 Qxd1 11. Rxd1 Be7 12. Nc3 O-O 13. Be3 Na5 14. Bc2
Nac4 15. Bc1 Bd7 16. b3 Na5 17. Be4 Bc6 18. Bg5 Bb4 19. Bxc6 Bxc3 20. Rac1 Bb2
21. Rc2 Nxc6 22. Rxb2 Nd5 23. h4 h6 24. Bc1 Rac8 25. Bd2 Rfd8 26. Be1 Ncb4 27.
a3 Nc2 28. a4 Nxe1 29. Nxe1 Rc3 30. Kf1 Rdc8 31. g3 Kf8 32. Kg2 Ke7 33. Nf3 Rd8
34. Nd4 Nb4 35. Rbd2 Rd5 36. h5 Rxe5 37. Nb5 Rc2 38. Rd7+ Kf6 39. Nd6 Kg5 40.
Nxf7+ Kf6 41. Nxe5 Kxe5 42. Rxb7 Nd5 43. Re1+ Kf5 44. Rxg7 Rc3 45. Rg6 Rxb3 46.
Rxh6 Ra3 47. Rhxe6 Rxa4 48. R6e5+ 1-0

[Event "European Blitz 2022"]
[Site "Katowice POL"]
[Date "2022.12.16"]
[Round "5.68"]
[White "Buchicchio, Giampaolo"]
[Black "Klenburg, Michael"]
[Result "0-1"]
[WhiteTitle "FM"]
[BlackTitle "IM"]
[WhiteElo "2259"]
[BlackElo "2347"]
[WhiteFideId "811491"]
[BlackFideId "14102072"]
[EventDate "2022.12.16"]

1. e4 d6 2. d4 Nf6 3. Nc3 g6 4. Be3 c6 5. f3 Nbd7 6. Qd2 b5 7. g4 h6 8. Nh3 Bg7
9. g5 hxg5 10. Nxg5 a6 11. a4 Bb7 12. Ne2 Qc7 13. Bg2 Nb6 14. Qa5 Nbd5 15. Qxc7
Nxc7 16. axb5 cxb5 17. Kf2 Nd7 18. c3 Nb6 19. b3 Nd7 20. f4 Nf6 21. h3 Ne6 22.
Nxe6 fxe6 23. Ng3 Kf7 24. c4 Rhc8 25. Rhc1 Nd7 26. e5 Bxg2 27. Kxg2 bxc4 28.
bxc4 Nb6 29. Ne4 Nxc4 30. Ng5+ Ke8 31. Bf2 Kd7 32. Rab1 Rc7 33. Kg3 Rac8 34. Rb4
d5 35. Rb3 Bh6 36. Nf7 Bxf4+ 37. Kxf4 Rf8 38. Kg5 Rxf7 39. Bg3 a5 40. Kxg6 Rf8
41. Kh5 a4 42. Rb4 a3 43. Ra4 Rb7 44. Bh4 Rh8+ 45. Kg4 Rg8+ 46. Bg5 Ne3+ 47. Kf4
Nf5 48. Rxa3 Nxd4 49. Re1 Rb2 50. Ra7+ Kc6 51. Bxe7 Nf5 52. Rc1+ Kb6 53. Ra3
Rf2+ 54. Rf3 Rxf3+ 55. Kxf3 Nxe7 56. Rb1+ Kc5 57. Rc1+ Kd4 58. Kf4 Rf8+ 59. Kg5
Kxe5 60. Re1+ Kd6 61. h4 Rg8+ 62. Kh6 Nf5+ 63. Kh5 Rh8+ 64. Kg5 Rxh4 65. Ra1 Rh2
66. Ra6+ Ke5 67. Ra3 d4 68. Ra5+ Ke4 69. Ra6 e5 70. Ra1 Rg2+ 71. Kf6 Ne3 72. Ra5
Rf2+ 73. Ke6 Rf5 74. Ra3 Rh5 75. Ra5 Rh6+ 76. Kf7 d3 77. Ra4+ Kf3 78. Ra3 e4 79.
Kg7 Rb6 80. Ra2 Nf5+ 81. Kf7 e3 82. Ra3 d2 83. Ra1 Ke2 84. Ra5 Nd6+ 85. Ke7 d1=Q 0-1